Statistics for African Geography by Letter - I

Click here to take the quiz!

General Stats

  • This quiz has been taken 409 times
    (335 since last reset)
  • The average score is 7 of 12

Answer Stats

HintAnswer% Correct
Country west of GhanaIvory Coast
97%
Africa's eastern border, the oceanIndian
96%
Dominant religion in North AfricaIslam
94%
Country that colonized LibyaItaly
92%
Robben, Socotra, e.g.Island
82%
People from this country where the first
to settle in Madagascar
Indonesia
77%
Major Nigerian cityIbadan
48%
Ethnic group who mainly reside around
the Niger Delta
Igbo
45%
Medium-sized antelopeImpala
42%
Term for the Ethiopian JewsBeta {Israel}
31%
Egyptian city named for one of
Abraham's sons
{Ismail}ia
29%
One of the largest living lemursIndri
8%

Score Distribution

Percentile by Number Answered

Percent of People with Each Score

Your Score History

You have not taken this quiz since the last reset